ბათუმის შოთა რუსთაველის სახელმწიფო უნივერსიტეტის ბიბლიოთეკა

გარსევან ჭავჭავაძის სახელმწიფოებრივი მოღვაწეობა : (ბიბ.ჩანაწერი № 36306)

000 -ლიდერი
ფიქსირებული სიგრძის საკონტროლო ველი 01490nam a2200241Ia 4500
001 - საკონტროლო ნომერი
საკონტროლო ველი 2213
003 - საკონტროლო ნომრის იდენტიფიკატორი
საკონტროლო ველი GE_BSU
005 - ბოლო ოპერაციის თარიღი და დრო
საკონტროლო ველი 20190515161806.0
008 - ფიქსირებული სიგრძის მონაცემთა ელემენტები - ზოგადი ინფორმაცია
ფიქსირებული სიგრძის საკონტროლო ველი 181216s1982||||ge |||||||||||||| ||geo||
040 ## - კატალოგიზაციის წყარო
Transcribing agency GE_BSU
041 ## - ენის კოდი
Language code of text/sound track or separate title geo
080 ## - უნივერსალური ათობითი კლასიფიკაციის ინდექსი
Universal Decimal Classification number 327(479.22)(09)+341.7(479.22)(09)+94(479.22) ც–96
100 ## - მთავარი ჩანაწერი - პიროვნების სახელი
Personal name ცქიტიშვილი, ზურაბ
9 (RLIN) 1175
245 ## - ცნობა სათაურის შესახებ
Title გარსევან ჭავჭავაძის სახელმწიფოებრივი მოღვაწეობა :
Remainder of title (საქართველოს საგარეო პოლიტიკური ისტორიიდან XVIII საუკუნის უკანასკნელ მეოთხედში) /
Statement of responsibility, etc ზურაბ ცქიტიშვილი; ივ. ჯავახიშვილის სახ. ისტორიის, არქეოლოგიისა და ეთნოგრაფიის ინ-ტი
260 ## - გამოქვეყნების, გავრცელების, და სხვა. ცნობები
Place of publication, distribution, etc თბილისი
260 ## - გამოქვეყნების, გავრცელების, და სხვა. ცნობები
Date of publication, distribution, etc 1982
300 ## - ფიზიკური აღწერა
Extent 204 გვ.;
Other physical details 21 სმ.
600 ## - SUBJECT ADDED ENTRY--PERSONAL NAME
Personal name ჭავჭავაძე გ.
9 (RLIN) 1176
653 ## - INDEX TERM--UNCONTROLLED
Uncontrolled term საქართველოს დიპლომატები
653 ## - INDEX TERM--UNCONTROLLED
Uncontrolled term საქართველოს ისტორია -XVIII ს.
710 ## - ADDED ENTRY--CORPORATE NAME
Corporate name or jurisdiction name as entry element ივ. ჯავახიშვილის სახ. ისტორიის, არქეოლოგიისა და ეთნოგრაფიის ინ-ტი.
9 (RLIN) 1177
942 ## - ADDED ENTRY ELEMENTS (KOHA)
Koha item type წიგნი
Source of classification or shelving scheme
ეგზემპლარები
ჩამოწერის სტატუსი დაკარგული ეგზემპლარის სტატუსი კლასიფიკაციის წყარო ან თაროზე გაწყობის სქემა დაზიანების სტატუსი არ გაიცემა მუდმივი მდებარეობა (დაცვის ადგილი) ამჟამინდელი ადგილსამყოფელი თაროზე განთავსების ადგილი შეძენის თარიღი ღირებულება, შესყიდვის ნორმალური ფასი სრული შენახვის შიფრი შტრიხკოდი ბოლო ოპერაციის თარიღი ეგზემპლარის მიმდევრობითი ნომერი (კეტერი?) ფასის ძალაში შესვლის თარიღი ეგზემპლარის სახეობა საჯარო შენიშვნა
          ბათუმის შოთა რუსთაველის სახელმწიფო უნივერსიტეტის მთავარი ბიბლიოთეკა ბათუმის შოთა რუსთაველის სახელმწიფო უნივერსიტეტის მთავარი ბიბლიოთეკა წიგნსაცავი 2018-12-17 8.00 327(479.22)(09)+341.7(479.22)(09)+94(479.22) 4221 2018-12-17 4221 2018-12-17 წიგნი 8 ლ.